00337nam a2200133 4500020001800000020001500018082001400033100002800047245002900075260004400104300000800148490002800156650001900184 a9780195674125 a019567412x a547.1 ROB a Robinson, Michael J.T. a Organic Stereochemistry a bOxford University Press (Oup),c2012 a89p aoxford chemistry primer asterochemistry